| 000 | 00589nam a22001935i 4500 | ||
|---|---|---|---|
| 001 | 48097 | ||
| 003 | ES-MaACL | ||
| 007 | t| | ||
| 008 | 981119s1878 it ||||1| ita d | ||
| 040 |
_aCAM _bspa _cCCPB |
||
| 100 | 1 |
_aCurtius, Georg. _942252 |
|
| 245 | 1 | 0 |
_aGrammatica della lingua greca / _cdi Giorgio Curtius. |
| 250 |
_a11ยช ed. _bcolla cooperazione del Prof. Bernardo Gerth... |
||
| 260 |
_aTorino : _b[s.n.], _c1878 ( _fVicenzo Bona) |
||
| 300 |
_aVIII, [4], 397 p. ; _c20 cm. |
||
| 700 | 1 |
_aGerth, Bernardo, _eaum. _9201281 |
|
| 852 |
_aES-MaACL _jB-2580 |
||
| 999 |
_c48097 _d48097 |
||